Promyšlennyje tovary narodnogo potreblenija proizvodstvo i sotrudničestvo stran SEV

Gespeichert in:
Bibliographische Detailangaben
1. Verfasser: Kosikova, Lidija Serafimovna
Weitere Verfasser: Petuchova, Svetlana Pavlovna
Format: Buch
Sprache:Russisch
Veröffentlicht: Moskva Nauka 1985
Tags: Tag hinzufügen
Keine Tags, Fügen Sie das erste Tag hinzu!

MARC

LEADER 00000nam a2200000 4500
001 c110420
005 20041019155146.7
041 0 |a rus 
044 |a RU 
245 1 0 |a Promyšlennyje tovary narodnogo potreblenija  |b proizvodstvo i sotrudničestvo stran SEV  |c Lidija Serafimovna Kosikova, Svetlana Pavlovna Petuchova 
264 1 |a Moskva  |b Nauka  |c 1985 
300 |a 118 s. 
100 1 |a Kosikova, Lidija Serafimovna 
700 1 |a Petuchova, Svetlana Pavlovna